| 000 | 00639nam a2200205 u 4500 | ||
|---|---|---|---|
| 005 | 20230705063557.0 | ||
| 008 | 101012s2009 ag r 000 0 spa d | ||
| 020 | _a9789870602132 | ||
| 035 | _aUPN01000178126 | ||
| 049 | _aCG | ||
| 050 | 4 |
_aLB1043 _bB4.5 |
|
| 100 | 1 | _aBeltrán, Mónica | |
| 245 | 1 | 0 |
_aMediatizados : _bencuentros y desencuentros entre la escuela y los medios / _cMónica Beltrán. |
| 260 |
_aBuenos Aires : _bAique, _c2009. |
||
| 300 | _a251 p. | ||
| 440 | 0 | _aPolítica y educación | |
| 650 | 4 |
_aMedios masivos de comunicación en la educación _94936 |
|
| 650 | 4 |
_aEnseñanza audiovisual _913757 |
|
| 905 | _aLibro | ||
| 999 |
_c150229 _d150229 |
||